| 000 | 00713nam a22001937a 4500 | ||
|---|---|---|---|
| 005 | 20250728114758.0 | ||
| 010 | _aHIN-130016 | ||
| 020 |
_a9789395107679 _c225.00 |
||
| 035 | _aHN-102362 | ||
| 037 | _bDBAD | ||
| 082 | _a821 | ||
| 100 |
_aदीक्षित आकांक्षा _983394 |
||
| 245 |
_aप्रेमदूत/ _cआकांक्षा दीक्षित |
||
| 260 |
_aकानपुर _bअमन प्रकाशन |
||
| 270 |
_a104-ए / 80 सी , रामबाग, कानपुर _bकानपुर-208012 |
||
| 300 |
_a136पृ. _c21.5सेमी (अजिल्द) |
||
| 700 | _983343 | ||
| 942 |
_2ddc _cHN _h821 _mदीक्षित |
||
| 999 |
_c212653 _d212653 |
||